Common threads : women, mathematics and work

Αποθηκεύτηκε σε:
Λεπτομέρειες βιβλιογραφικής εγγραφής
Κύριος συγγραφέας: Harris, Mary
Μορφή: Βιβλίο
Γλώσσα:English
Δημοσίευση: Staffordshire : Trentham Books, 1997
Θέματα:
Ετικέτες: Προσθήκη ετικέτας
Δεν υπάρχουν, Καταχωρήστε ετικέτα πρώτοι!

MARC

LEADER 00000cam a2200000 i 4500
001 1/2434
008 000505s1997 eng d
020 |a 1858560152 
035 |l 10060419 
040 |a GR-MY-UA  |b gre  |e aacr 
041 0 |a eng 
082 0 |a 510.71 
100 1 |a Harris, Mary. 
245 1 0 |a Common threads :  |b women, mathematics and work /  |c Mary Harris 
260 |a Staffordshire :   |b Trentham Books,   |c 1997 
300 |a xii, 213 p.;  |c 25 cm. 
504 |a Includes bibliographical references and index 
650 0 0 |a Mathematics  |x Study and teaching. 
650 0 0 |a Needlework. 
650 0 0 |a Women  |x Education. 
852 |a INST  |b LESVOS  |e 20000505  |h 510.71 HAR  |p 005100021449  |q 005100021449  |t BK  |y 0 
901 |a BIBL1-2000-2 
909 |a Λ  |b 061073 
922 |a 1ΕΛΗ  |b 199811  |c ΚΠΣ/ΤΚ  |d ΠΑΠΑΣΩΤΗΡΙΟΥ 
970 |z 2000/05/ΜΙΧΑΗΛΙΔΟΥ ΑΝΝΑ